000 005880000a22001810004500
003 MACL
005 20160206132650.0
008 160206b xxu||||| |||| 00| 0 eng d
040 _aMACL
_cMACL
041 _aHindi
082 _a294
100 _aव्‍यासशिष्‍य डॉ. कुवेरलाल
_937105
245 _aनिरूक्‍तसार निदरासन
260 _bइतिहासविघा प्रकाश्‍ान
_c1978
_aनई दिल्‍ली
350 _a15
650 _aPhilosophy
_937107
942 _cHIN
_k100
_2ddc
999 _c26851
_d26851